[Event "GER-chT U10"]
[Site "Magdeburg"]
[Date "2021.08.06"]
[Round "2.3"]
[White "Barsov, Vladislav"]
[Black "Franzky, Julian"]
[Result "0-1"]
[WhiteElo "1083"]
[BlackElo "1266"]
[PlyCount "120"]
[EventDate "2021.08.06"]
[EventType "team-swiss"]
[EventRounds "7"]
[EventCountry "GER"]
[SourceTitle "EXT 2022"]
[Source "ChessBase"]
[SourceDate "2021.10.06"]
[SourceVersion "1"]
[SourceVersionDate "2021.10.06"]
[SourceQuality "1"]
[WhiteTeam "Graefelfing"]
[BlackTeam "Tegernsee"]
[WhiteTeamCountry "GER"]
[BlackTeamCountry "GER"]

1. e4 e5 2. Nf3 Nc6 3. d4 exd4 4. Bc4 Nf6 5. e5 d5 6. Bb5 Ne4 7. 0-0 Bc5 8. Bf4 Bd7 9. Nbd2 0-0 10. Bxc6 Bxc6 11. Nb3 Bb6 12. Nbxd4 Bd7 13. Re1 Qe7 14. c4 c6 15. a3 Nc5 16. b4 Ne6 17. Nxe6 fxe6 18. Bg5 Qf7 19. c5 Bd8 20. Bxd8 Raxd8 21. Qc2 Qf5 22. Qxf5 Rxf5 23. Rab1 Rdf8 24. a4 a6 25. Re2 Rf4 26. g3 Rxf3 27. Kg2 Ra3 28. a5 Rff3 29. Rbe1 Rfb3 30. Rd2 Rxb4 31. Re3 Rxe3 32. fxe3 Rb5 33. e4 Rxc5 34. exd5 cxd5 35. Rb2 Bb5 36. Kf3 Bc6 37. Ra2 Rc4 38. Ke3 Ra4 39. Rxa4 Bxa4 40. Kd4 Bc6 41. h4 h6 42. g4 g5 43. h5 Kf7 44. Kd3 Ke7 45. Kc3 Kd7 46. Kd4 Ba4 47. Kc5 Kc7 48. Kb4 Bd1 49. Kc5 Bxg4 50. Kd4 Bxh5 51. Ke3 Kc6 52. Kd4 g4 53. Ke3 Kb5 54. Kd4 g3 55. Ke3 Kxa5 56. Kf4 g2 57. Ke3 g1Q+ 58. Kd3 Qe1 59. Kd4 Bg6 60. Kc5 Qb4# 0-1